Para una democracia estable: economía y política

Tallennettuna:
Bibliografiset tiedot
Päätekijä: Foxley Ríoseco, Alejandro (Tekijä)
Aineistotyyppi: Kirja
Kieli:espanja
Julkaistu: Santiago Aconcagua 1985
Aiheet:
Tagit: Lisää tagi
Ei tageja, Lisää ensimmäinen tagi!

MARC

LEADER 00000nam a2200000 a 4500
001 UCL0564
003 CL-VaPUC
008 030728e19850000CL |||||||||||||||||spa|d
082 0 4 |a 321.8  |b FOX  |2 21 
100 0 |a Foxley Ríoseco, Alejandro  |e author  |9 477227 
245 1 0 |a Para una democracia estable: economía y política 
300 |a 266 p 
942 |c BK 
945 |d 20030728 00:00:00  |a cmena 
260 |a Santiago  |b Aconcagua  |c 1985 
650 0 |a Ideologías políticas   |9 255735 
650 7 |a GOBIERNOS DEMOCRATICOS  |2 CL-VaPUC  |9 477228 
650 0 |a Democracia  |9 255256 
650 0 |a Desarrollo económico y social   |9 256320 
583 |a last modification  |c 20030728 00:00:00  |k Rodrigo Vera 
999 |c 304382  |d 304380 
952 |0 0  |1 0  |4 0  |6 321_800000000000000_FOX_1985  |7 0  |8 A  |9 366420  |a BIBDER  |b BIBDER  |d 2019-11-21  |i 3908941  |o 321.8 FOX 1985  |p 3908941  |r 2023-01-25  |w 2019-11-21  |y BK  |k DER